| 000 | 00962nam a2200241 a 4500 | ||
|---|---|---|---|
| 001 | 44062 | ||
| 003 | BD-RjUL | ||
| 005 | 20211209053808.0 | ||
| 008 | 160713s2015 bg ||||| |||| 00| 0 ben d | ||
| 020 |
_a9789848934869 _c: Tk. 550.00 |
||
| 035 | _a(BD-RjUL)44180 | ||
| 040 |
_aBD-RjUL _bben _cBD-RjUL |
||
| 041 | _aben | ||
| 082 |
_223 _a320.31 _bMAR 2015 |
||
| 100 |
_aমাহমুদ, সুলতান _9135320 |
||
| 245 | 1 | 0 |
_aরাজনীতি ও কূটনীতিকোষ / _cমাহমুদ, সুলতান , বিবি মরিয়ম |
| 260 |
_aঢাকা : _bআলেয়া বুক ডিপো, _c২০১৫ |
||
| 300 |
_a৬০০ পৃ. ; _c২২ সেমি. |
||
| 650 |
_aরাস্ট্র বিজ্ঞান _vঅভিধান _9135321 |
||
| 650 |
_aPolitical Sciences _vDictionaries _9135322 |
||
| 700 |
_aমরিয়ম, বিবি , যুগ্ম লেখক _9135323 |
||
| 942 |
_2ddc _cREF |
||
| 999 |
_c44062 _d44062 |
||